Barcelona a través de la literatura /
Descripción Física:
Il·lustracions
Colección:
San Jorge,
; núm. 11 (juliol 1953), pàg 7-17
Idioma:
Español
MARC
| LEADER | 00000naa a2200000 a 4500 | ||
|---|---|---|---|
| 003 | Arxiu | ||
| 005 | 20260324181043.0 | ||
| 008 | 160829s1953 spcaxx s spa c | ||
| 040 | |a agdb | ||
| 100 | 1 | |a Díaz-Plaja, Guillermo, |d 1909-1984 |9 20224 | |
| 245 | 1 | 0 | |a Barcelona a través de la literatura / |c por Guillermo Díaz-Plaja |
| 300 | |b Il·lustracions | ||
| 490 | |a San Jorge, |v núm. 11 (juliol 1953), pàg 7-17 | ||
| 590 | |a Conté fragments dels següents autors: Gautier, Edmundo de Amicis, Rubén Darío, Frabcis Carco, Henry de Montherlant, Unamuno i Pío Baroja. | ||
| 590 | |a Conté 13 il·lustracions | ||
| 651 | 0 | |9 54777 |a Barcelona (Catalunya) |v Recull d'escrits | |
| 651 | 0 | |a Barcelona (Catalunya) |x En la literatura |9 72156 | |
| 773 | |g Núm. 11 (juliol 1953), pàg 7-17 |t San Jorge. | ||
| 901 | |a Arxiu | ||
| 942 | |n 1 |2 udc |c ART | ||
| 952 | |0 0 |1 0 |4 0 |6 REV508 |7 1 |9 64392 |a Arxiu |b Arxiu |d 2022-11-28 |o Rev-508 |r 2022-11-28 00:00:00 |w 2022-11-28 |y ARXIU |z També disponible a Rev-522 | ||
| 999 | |c 49988 |d 49988 | ||